header

Christian counseling : (Record no. 259881)

MARC details
000 -LEADER
fixed length control field 00506nam a22001817a 4500
003 - CONTROL NUMBER IDENTIFIER
control field OSt
005 - DATE AND TIME OF LATEST TRANSACTION
control field 20230324111337.0
008 - FIXED-LENGTH DATA ELEMENTS--GENERAL INFORMATION
fixed length control field 230324b xxu||||| |||| 00| 0 eng d
020 ## - INTERNATIONAL STANDARD BOOK NUMBER
International Standard Book Number 9781418503291
040 ## - CATALOGING SOURCE
Original cataloging agency DLC
Transcribing agency DLC
Modifying agency DLC
050 ## - LIBRARY OF CONGRESS CALL NUMBER
Classification number BV4012.2
Item number .C56 2006
100 ## - MAIN ENTRY--PERSONAL NAME
Personal name Collins, Gary R.
245 ## - TITLE STATEMENT
Title Christian counseling :
Remainder of title a comprehensive guide /
Statement of responsibility, etc Gary R. Collins.
250 ## - EDITION STATEMENT
Edition statement 3rd Edn.
260 ## - PUBLICATION, DISTRIBUTION, ETC. (IMPRINT)
Place of publication, distribution, etc Edinburg, Scotland,
Name of publisher, distributor, etc Thomas Nelson Pub.
Date of publication, distribution, etc c2006
300 ## - PHYSICAL DESCRIPTION
Extent xv;976p
942 ## - ADDED ENTRY ELEMENTS (KOHA)
Source of classification or shelving scheme Library of Congress Classification
Koha item type Long Loan Books
Holdings
Withdrawn status Lost status Source of classification or shelving scheme Damaged status Not for loan Collection code Home library Current library Shelving location Date acquired Total Checkouts Full call number Barcode Date last seen Price effective from Koha item type
    Library of Congress Classification     Non-fiction Rongo University Library Rongo University Library General Stacks 24/03/2023   BV4012.2 .C56 2006 20089521 24/03/2023 24/03/2023 Long Loan Books

© 2026 Rongo University
Contact us: librarian | system librarian | Rongo university